La medición del estado de la salud : género, carga de morbilidad y establecimiento de prioridades en el sector salud /

Tallennettuna:
Bibliografiset tiedot
Päätekijä: Hanson, Kara (autor)
Muut tekijät: Alleyne, George A.O. (prólogo) (prólogo)
Aineistotyyppi: Kirja
Kieli:espanja
Julkaistu: Washington, EUA : Cambridge, EUA : OPS ; Harvard Center for Population and Development Studies, 2000, c2000
Sarja:(Publicación Ocasional ; 5)
(Género y Equidad en la Salud)
Aiheet:
Tagit: Lisää tagi
Ei tageja, Lisää ensimmäinen tagi!

MARC

LEADER 00000nam^a2200000^a^4500
001 000161988
005 20250521000000.0
009 20260310100816.061
037 |a Acervo ITESO - Biblioteca 
041 |a ESP 
082 |a 614.  |b GEN. V. 5 
100 |a Hanson, Kara  |e (autor) 
240 1 1 |a [Género y Equidad en la Salud] 
245 1 3 |a La medición del estado de la salud :  |b género, carga de morbilidad y establecimiento de prioridades en el sector salud /  |c K. Hanson ; pról. de G.A.O. Alleyne. 
264 4 |a Washington, EUA :  |b OPS ;  |a Cambridge, EUA :  |b Harvard Center for Population and Development Studies,  |c 2000, c2000 
300 |a V, 43 p. 
336 |a texto  |b txt  |2 rdacontenido 
337 |a sin mediación  |b n  |2 rdamedio 
338 |a volumen  |b nc  |2 rdasoporte 
440 1 |a (Publicación Ocasional ;  |v 5) 
440 1 |a (Género y Equidad en la Salud) 
649 |a XX 
650 |a Morbilidad 
650 |a Género 
650 |a Igualdad y Desigualdad 
650 |a Servicios Médicos y de Salud 
650 |a Salud Pública 
700 |a Alleyne, George A.O.  |e (prólogo) 
910 |a Fondo General 
920 |a Impresos - Libros 
930 |a Colección General 
905 |a 101 
901 |a 0500094538  |b IT1  |c ACC  |u 20250521 
902 |a https://opac.biblio.iteso.mx/vufind/Record/000161988